LEADER 01341nam a2200325 a 4500 001 000000129401 003 CaOOAMICUS 005 20120625121659.0 008 120625s2012 it u000 u ita r 020 $a978-88-548-4579-4 040 $aPUL$bita 082 04$a262.94 100 1 $aFoderaro, Antonio.$0(OLS)http://pul/name/82829 245 10$aIo accolgo te :$bil matrimonio nel diritto canonico /$cAntonio Foderaro, Annarita Ferrato. 260 $aRoma :$bAracne,$c2012. 300 $a286 p. ;$c24 cm. 490 1 $aStudiorum et fidei ;$v04 504 $aBibliografia p. 275-286. 650 4$aMatrimonio (diritto canonico).$0(OLS)http://pul/subject/475 700 1 $aFerrato, Annarita.$0(OLS)http://pul/name/50598 830 0$aStudiorum et fidei ;$v04.$0(OLS)http://pul/title/163524 850 $aPUL 852 $aPUL$W1$xSL Diritto Canonico 3$y77$m262. 94 FODAN 1$j149879$qDDC 21$B148406$CPULBib$Z2$F148406 $H120122 $82 941 1 $a9 960 $aDiritto matrimoniale canonico$9475 996 $6020$a978-88-548-4579-4$9(OLS)http://pul/number/150087 996 $6082$a262.94$9(OLS)http://pul/classification/422 996 $6245$aIo accolgo te :$bil matrimonio nel diritto canonico$9(OLS)http://pul/title/163522 996 $6260$aRoma :$bAracne$9(OLS)http://pul/publisher/62189 LEADER 01170nam a2200277 u 4500 001 000000038080 003 CaOOAMICUS 005 20070226113834.0 008 980421s1884 fr u000 u fre u 035 $a10791211 040 $aPUL(R)$bita 041 1 $afre$hger 110 1 $aGermania.$0(OLS)http://pul/name/28094 245 10$aCode de procédure pénale allemand (1er février 1877) /$ctraduit et annoté par Fernand Daguin. 260 $aParis :$bImprimerie nationale,$c1884. 300 $a404 p. ;$c25 cm 490 1 $aCollection des principaux codes étrangers 504 $aBibliografia in nota. 650 4$aProcedura penale.$0(OLS)http://pul/subject/9185 700 1 $aDaguin, Fernand.$0(OLS)http://pul/name/28479 830 0$aCollection des principaux codes étrangers.$0(OLS)http://pul/title/51769 850 $aPUL 852 $aPUL$W1$xDP1 Diritto e Scienze Sociali 1$y18$m155 I 25$j51948$nBK-PRI$b $qStampati Antico$B51948$CPULBib$Z2$F51948 $81 941 1 $a15 996 $6245$aCode de procédure pénale allemand (1er février 1877)$9(OLS)http://pul/title/51768 996 $6260$aParis :$bImprimerie nationale$9(OLS)http://pul/publisher/49450